[Event "AUT-ch Zwisch Internet"]
[Site "Playchess.com INT"]
[Date "2020.05.02"]
[Round "2"]
[White "Bachner, Karsten"]
[Black "Wagner, Leopold Franziskus"]
[Result "0-1"]
[WhiteElo "1997"]
[BlackElo "2168"]
[PlyCount "22"]
[EventDate "2020.05.02"]
[EventType "swiss (blitz)"]
[EventRounds "13"]
[EventCountry "AUT"]
[SourceTitle "CBM 195 Extra"]
[Source "ChessBase"]
[SourceDate "2020.05.31"]
[SourceVersion "1"]
[SourceVersionDate "2020.05.31"]
[SourceQuality "1"]

1. e3 c5 2. Nf3 d5 3. d4 cxd4 4. exd4 Nc6 5. Be2 Nf6 6. 0-0 e6 7. c3 Bd6 8. h3 0-0 9. Bd3 Qc7 10. Qc2 h6 11. a3 Bd7 0-1

[Event "AUT-ch Zwisch Internet"]
[Site "Playchess.com INT"]
[Date "2020.05.02"]
[Round "1"]
[White "Neubauer, Martin"]
[Black "Bachner, Karsten"]
[Result "1-0"]
[WhiteElo "2421"]
[BlackElo "1997"]
[PlyCount "77"]
[EventDate "2020.05.02"]
[EventType "swiss (blitz)"]
[EventRounds "13"]
[EventCountry "AUT"]
[SourceTitle "CBM 195 Extra"]
[Source "ChessBase"]
[SourceDate "2020.05.31"]
[SourceVersion "1"]
[SourceVersionDate "2020.05.31"]
[SourceQuality "1"]

1. e4 e6 2. d4 d5 3. Nd2 c5 4. exd5 Qxd5 5. dxc5 Bxc5 6. Ngf3 Nf6 7. Bd3 Nc6 8. Qe2 a6 9. c3 Ng4 10. Ne4 Ba7 11. h3 Nf6 12. Nxf6+ gxf6 13. Be3 Bxe3 14. Qxe3 Ne5 15. Be2 Bd7 16. Rd1 Qa5 17. Nxe5 Qxe5 18. Qxe5 fxe5 19. Bf3 0-0-0 20. 0-0 Bb5 21. Rfe1 Rxd1 22. Rxd1 Kc7 23. Bh5 f6 24. Bf7 Bd7 25. Bh5 Rd8 26. f3 Bb5 27. Rxd8 Kxd8 28. Kf2 Kd7 29. Ke3 Kd6 30. Bf7 Ke7 31. Bh5 Kd6 32. g3 Bc6 33. h4 h6 34. f4 exf4+ 35. gxf4 e5 36. Be2 Bd7 37. Bd3 Be6 38. a3 a5 39. b4 1-0

[Event "AUT-ch Vor3 Internet"]
[Site "Playchess.com INT"]
[Date "2020.04.17"]
[Round "1"]
[White "Thummer, Philipp"]
[Black "Bachner, Karsten"]
[Result "0-1"]
[WhiteElo "1207"]
[BlackElo "1997"]
[PlyCount "52"]
[EventDate "2020.04.17"]
[EventType "swiss (blitz)"]
[EventRounds "9"]
[EventCountry "AUT"]
[SourceTitle "CBM 195 Extra"]
[Source "ChessBase"]
[SourceDate "2020.05.31"]
[SourceVersion "1"]
[SourceVersionDate "2020.05.31"]
[SourceQuality "1"]

1. e4 e6 2. d4 d5 3. exd5 exd5 4. c4 dxc4 5. Bxc4 Nf6 6. Be3 Be7 7. Ne2 0-0 8. 0-0 Nbd7 9. Nbc3 Nb6 10. Bb3 Bg4 11. Rc1 Qd7 12. f3 Bf5 13. Qd2 c6 14. Ng3 Bg6 15. Nce4 Rad8 16. Rfd1 Nfd5 17. Bf2 Rfe8 18. Nc5 Qc8 19. Nge4 Bf8 20. a4 Bxe4 21. fxe4 Nf6 22. e5 Nfd5 23. Qa5 Qg4 24. Qa6 bxa6 25. Nxa6 Nf4 26. g3 Ne2+ 0-1

[Event "AUT-ch Vor1 Internet"]
[Site "Playchess.com INT"]
[Date "2020.04.11"]
[Round "9"]
[White "Bachner, Karsten"]
[Black "Schein, Karl Heinz"]
[Result "0-1"]
[WhiteElo "1997"]
[BlackElo "2187"]
[PlyCount "84"]
[EventDate "2020.04.11"]
[EventType "swiss (blitz)"]
[EventRounds "9"]
[EventCountry "AUT"]
[SourceTitle "CBM 195 Extra"]
[Source "ChessBase"]
[SourceDate "2020.05.31"]
[SourceVersion "1"]
[SourceVersionDate "2020.05.31"]
[SourceQuality "1"]

1. e4 c5 2. Nf3 Nc6 3. d4 cxd4 4. Nxd4 Nf6 5. Nc3 d6 6. Be2 e5 7. Ndb5 a6 8. Na3 b5 9. Bg5 b4 10. Bxf6 gxf6 11. Bc4 bxc3 12. Qh5 Qe7 13. bxc3 Be6 14. Bd3 Bg7 15. 0-0 0-0 16. f4 Kh8 17. f5 Bd7 18. Rf3 Rg8 19. Bc4 Nd8 20. Raf1 Bc6 21. Bd3 d5 22. exd5 Bxd5 23. Rh3 h6 24. Nc4 Bxc4 25. Bxc4 Qc5+ 26. Kh1 Qxc4 27. Rff3 Qc5 28. Rh4 Rb8 29. h3 Rb1+ 30. Kh2 Qd6 31. Re4 Rd1 32. Rg3 Re1 33. Rh4 Qf8 34. c4 Rf1 35. c5 Rf4 36. Rgg4 Rxg4 37. Rxg4 Qxc5 38. Rh4 Qd6 39. Qe2 e4+ 40. Kh1 Re8 41. Rh5 e3 42. g4 Qd2 0-1

[Event "AUT-ch Vor1 Internet"]
[Site "Playchess.com INT"]
[Date "2020.04.11"]
[Round "5"]
[White "Bachner, Karsten"]
[Black "Schernthaner, David"]
[Result "1/2-1/2"]
[WhiteElo "1997"]
[BlackElo "2220"]
[PlyCount "97"]
[EventDate "2020.04.11"]
[EventType "swiss (blitz)"]
[EventRounds "9"]
[EventCountry "AUT"]
[SourceTitle "CBM 195 Extra"]
[Source "ChessBase"]
[SourceDate "2020.05.31"]
[SourceVersion "1"]
[SourceVersionDate "2020.05.31"]
[SourceQuality "1"]

1. e4 e6 2. d4 d5 3. Nc3 dxe4 4. Nxe4 Nd7 5. Bg5 Be7 6. Bxe7 Qxe7 7. Qd2 Ngf6 8. Nxf6+ Nxf6 9. Bd3 0-0 10. 0-0-0 b6 11. Ne2 Bb7 12. f3 c5 13. dxc5 Qxc5 14. g4 Bxf3 15. Rhg1 Be4 16. g5 Bxd3 17. Qxd3 Nd5 18. Kb1 Qe3 19. Rg3 Qxd3 20. Rgxd3 Rac8 21. b3 b5 22. Kb2 Rc7 23. Nd4 a6 24. a4 bxa4 25. Ra1 axb3 26. cxb3 Rfc8 27. Rd2 Ra8 28. Ra5 Kf8 29. h4 Ne3 30. Re2 Nd1+ 31. Ka3 Nc3 32. Rxe6 Rd8 33. Rc6 Rxd4 34. Rxc7 Nb5+ 35. Rxb5 axb5 36. Rb7 Rxh4 37. Rxb5 Rg4 38. Rc5 Ke7 39. b4 Kd6 40. Ka4 h5 41. gxh6 gxh6 42. Rh5 Rg6 43. b5 Kc7 44. Rf5 Kb6 45. Rxf7 Rg4+ 46. Kb3 Kxb5 47. Rf5+ Kc6 48. Rf6+ Kd5 49. Rxh6 1/2-1/2

[Event "AUT-ch Vor1 Internet"]
[Site "Playchess.com INT"]
[Date "2020.04.11"]
[Round "4"]
[White "Kilgus, Georg"]
[Black "Bachner, Karsten"]
[Result "0-1"]
[WhiteElo "2461"]
[BlackElo "1997"]
[PlyCount "48"]
[EventDate "2020.04.11"]
[EventType "swiss (blitz)"]
[EventRounds "9"]
[EventCountry "AUT"]
[SourceTitle "CBM 195 Extra"]
[Source "ChessBase"]
[SourceDate "2020.05.31"]
[SourceVersion "1"]
[SourceVersionDate "2020.05.31"]
[SourceQuality "1"]

1. e4 e6 2. d4 d5 3. Nd2 c5 4. Ngf3 cxd4 5. exd5 Qxd5 6. Bc4 Qd6 7. 0-0 Nf6 8. Nb3 Nc6 9. Nbxd4 Nxd4 10. Qxd4 Qxd4 11. Nxd4 a6 12. c3 b5 13. Be2 Bb7 14. Bd2 Bc5 15. a4 bxa4 16. Rxa4 0-0 17. Rfa1 Rab8 18. Be3 Nd5 19. R1a2 Nxe3 20. fxe3 e5 21. Nc2 Rfd8 22. b4 Bb6 23. Bxa6 Be4 24. Kf2 Rd2+ 0-1

[Event "AUT-ch Vor1 Internet"]
[Site "Playchess.com INT"]
[Date "2020.04.11"]
[Round "7"]
[White "Knoll, Martin"]
[Black "Bachner, Karsten"]
[Result "1/2-1/2"]
[WhiteElo "2018"]
[BlackElo "1997"]
[PlyCount "121"]
[EventDate "2020.04.11"]
[EventType "swiss (blitz)"]
[EventRounds "9"]
[EventCountry "AUT"]
[SourceTitle "CBM 195 Extra"]
[Source "ChessBase"]
[SourceDate "2020.05.31"]
[SourceVersion "1"]
[SourceVersionDate "2020.05.31"]
[SourceQuality "1"]

1. d4 d5 2. Nc3 Nf6 3. e4 c6 4. e5 Ng8 5. f4 e6 6. Nf3 Ne7 7. Bd3 c5 8. 0-0 cxd4 9. Nxd4 a6 10. Nce2 g6 11. c3 Nbc6 12. Kh1 h5 13. Be3 Qc7 14. Qd2 b5 15. Nb3 Nf5 16. Bxf5 gxf5 17. Rad1 Bh6 18. Bc5 Bf8 19. Bxf8 Rxf8 20. Ng3 Rh8 21. Qe2 Qe7 22. Nxh5 Qh4 23. Nf6+ Ke7 24. h3 Bd7 25. Nc5 Bc8 26. Qf2 Qh6 27. Qg3 a5 28. Ng8+ Rxg8 29. Qxg8 Bb7 30. Qg3 Rb8 31. Nxb7 Rxb7 32. Qe3 d4 33. cxd4 Nb4 34. Qc3 Nd5 35. Qc5+ Ke8 36. Qc6+ Rd7 37. Rc1 Ke7 38. Qxb5 Nxf4 39. Qc5+ Ke8 40. Qc8+ Ke7 41. Rc7 Rxc7 42. Qxc7+ Kf8 43. Qd8+ Kg7 44. Rf3 Nh5 45. Qh4 Qg6 46. Kh2 f4 47. Qg4 Kh6 48. Qxg6+ Kxg6 49. Ra3 Kf5 50. Rxa5 Ke4 51. Ra7 Kxd4 52. Rxf7 Kxe5 53. a4 Ng3 54. a5 Ke4 55. a6 Ke3 56. a7 Kf2 57. a8Q Nf1+ 58. Kh1 Ng3+ 59. Kh2 Nf1+ 60. Kh1 Ng3+ 61. Kh2 1/2-1/2

[Event "AUT-ch Vor1 Internet"]
[Site "Playchess.com INT"]
[Date "2020.04.11"]
[Round "6"]
[White "Schreiner, Peter"]
[Black "Bachner, Karsten"]
[Result "1-0"]
[WhiteElo "2440"]
[BlackElo "1997"]
[PlyCount "169"]
[EventDate "2020.04.11"]
[EventType "swiss (blitz)"]
[EventRounds "9"]
[EventCountry "AUT"]
[SourceTitle "CBM 195 Extra"]
[Source "ChessBase"]
[SourceDate "2020.05.31"]
[SourceVersion "1"]
[SourceVersionDate "2020.05.31"]
[SourceQuality "1"]

1. Nf3 d5 2. g3 c6 3. Bg2 Nf6 4. 0-0 g6 5. d4 Bg7 6. c4 0-0 7. b3 Re8 8. Bb2 Ne4 9. Nc3 Bf5 10. Nh4 Nxc3 11. Bxc3 Bc8 12. Qc2 a5 13. e4 dxe4 14. Bxe4 Bh3 15. Rfd1 Qc7 16. Nf3 Nd7 17. Ng5 Bg4 18. f3 Be6 19. Nxe6 fxe6 20. f4 Nf6 21. Bf3 Ra6 22. Qe2 c5 23. dxc5 Qxc5+ 24. Bd4 Qc7 25. Be5 Qc5+ 26. Bd4 Qc7 27. Re1 Nd7 28. Bxg7 Kxg7 29. Rad1 e5 30. Bg4 Qc5+ 31. Kh1 Qc6+ 32. Bf3 Qc7 33. fxe5 Re6 34. Rd5 h5 35. Bg2 Nb6 36. Rxa5 Nxc4 37. Rd5 Nb6 38. Rd3 Rf8 39. Bh3 Rc6 40. e6 Rf6 41. Rd2 Rc5 42. Qe3 Rc3 43. Qe5 Qc8 44. Rf2 Rc2 45. Rxf6 Qc6+ 46. Qe4 Qxe4+ 47. Rxe4 Kxf6 48. Rb4 Nd5 49. Rxb7 Ne3 50. Kg1 Rxa2 51. b4 Nd5 52. b5 Ke5 53. Bg2 Ra1+ 54. Kf2 Ra2+ 55. Kf3 Kd6 56. Bf1 Ra3+ 57. Ke4 Ra4+ 58. Kd3 Ra2 59. b6 Rb2 60. Rd7+ Kxe6 61. Bh3+ Ke5 62. b7 Rb6 63. Bg2 Nb4+ 64. Kc4 Na6 65. Rxe7+ Kd6 66. Rg7 Ke5 67. Rg8 Rb2 68. Bc6 Rb4+ 69. Kc3 Rb1 70. Kd2 Kd6 71. Bf3 Rb3 72. Ke2 Rb2+ 73. Ke3 Rb3+ 74. Kf4 Kc7 75. Rxg6 Rb4+ 76. Kg5 Nc5 77. Rg7+ Nd7 78. Bxh5 Rb5+ 79. Kh6 Rxb7 80. Bg4 Rb6+ 81. Kg5 Rb5+ 82. Kh4 Rd5 83. Rxd7+ Rxd7 84. Bxd7 Kxd7 85. Kg5 1-0

[Event "AUT-ch U18"]
[Site "Marz"]
[Date "2013.03.27"]
[Round "6"]
[White "Bachner, Karsten"]
[Black "Tamele, Daniel"]
[Result "0-1"]
[WhiteElo "1927"]
[BlackElo "1859"]
[PlyCount "120"]
[EventDate "2013.03.24"]
[EventType "swiss"]
[EventRounds "7"]
[EventCountry "AUT"]
[SourceTitle "CBM 153 Extra"]
[Source "ChessBase"]
[SourceDate "2013.04.22"]
[SourceVersion "1"]
[SourceVersionDate "2013.04.22"]
[SourceQuality "1"]

1. e4 c6 2. d4 d5 3. Nc3 dxe4 4. Nxe4 Bf5 5. Ng3 Bg6 6. Nh3 Nf6 7. Nf4 e5 8. Nxg6 hxg6 9. Be3 Nbd7 10. dxe5 Qa5+ 11. Bd2 Qxe5+ 12. Qe2 Bd6 13. Bc3 Qxe2+ 14. Bxe2 Bxg3 15. fxg3 Ne4 16. 0-0 Nxc3 17. bxc3 Ne5 18. Rae1 0-0-0 19. Bd3 f6 20. g4 g5 21. h3 Kc7 22. Rxe5 fxe5 23. Rf5 Rhe8 24. Rxg5 Re7 25. Rf5 e4 26. Bc4 e3 27. Rf1 Rd2 28. Bd3 c5 29. c4 Kd6 30. Re1 b5 31. cxb5 Kd5 32. a4 c4 33. Bf5 Kd4 34. a5 Kc5 35. b6 axb6 36. a6 Kd4 37. h4 Ra7 38. g5 Rxa6 39. h5 b5 40. g6 Ra8 41. h6 Rh8 42. h7 Ke5 43. g4 Kf4 44. c3 Kf3 45. Rf1+ Rf2 46. Re1 Rg2+ 47. Kh1 Rd2 48. Rf1+ Rf2 49. Re1 Rd2 50. Rf1+ Ke2 51. Rf4 Rd1+ 52. Kg2 Ke1 53. g5 Rd2+ 54. Kf3 e2 55. Ke3 Re8+ 56. Re4 Rxe4+ 57. Bxe4 Rd8 58. Bf3 Re8+ 59. Kf4 Kd2 60. Bxe2 Kxe2 0-1

[Event "AUT-ch U18"]
[Site "Marz"]
[Date "2013.03.26"]
[Round "4"]
[White "Bachner, Karsten"]
[Black "Ofner, Maximilian"]
[Result "1/2-1/2"]
[WhiteElo "1927"]
[BlackElo "1897"]
[PlyCount "78"]
[EventDate "2013.03.24"]
[EventType "swiss"]
[EventRounds "7"]
[EventCountry "AUT"]
[SourceTitle "CBM 153 Extra"]
[Source "ChessBase"]
[SourceDate "2013.04.22"]
[SourceVersion "1"]
[SourceVersionDate "2013.04.22"]
[SourceQuality "1"]

1. e4 c6 2. g3 d5 3. Bg2 dxe4 4. Bxe4 Nf6 5. Bg2 Bg4 6. Ne2 e6 7. d3 Bd6 8. Nbc3 Nbd7 9. 0-0 0-0 10. Be3 a5 11. Qd2 a4 12. a3 Nb6 13. h3 Bf5 14. Nd4 Bg6 15. Kh2 Nbd5 16. Nxd5 Nxd5 17. Bxd5 cxd5 18. f4 e5 19. Nb5 exf4 20. Bxf4 Bxf4 21. Rxf4 Qb6 22. Qb4 Rfe8 23. Nd4 Qc7 24. Raf1 Re3 25. R1f3 Re7 26. Rf2 h6 27. Qb5 Ra5 28. Qb4 Ra6 29. Qd2 Rb6 30. c3 Ra6 31. Re2 Ra8 32. Rf1 Rae8 33. Rfe1 Kf8 34. Kg2 Rxe2+ 35. Rxe2 Rxe2+ 36. Qxe2 Qe7 37. Qd2 Qe5 38. Kf2 Bf5 39. h4 Bd7 1/2-1/2

[Event "AUT-ch U18"]
[Site "Marz"]
[Date "2013.03.25"]
[Round "3"]
[White "Ehs, Dominik"]
[Black "Bachner, Karsten"]
[Result "1/2-1/2"]
[WhiteElo "1956"]
[BlackElo "1927"]
[PlyCount "60"]
[EventDate "2013.03.24"]
[EventType "swiss"]
[EventRounds "7"]
[EventCountry "AUT"]
[SourceTitle "CBM 153 Extra"]
[Source "ChessBase"]
[SourceDate "2013.04.22"]
[SourceVersion "1"]
[SourceVersionDate "2013.04.22"]
[SourceQuality "1"]

1. e4 d6 2. d4 Nf6 3. Nc3 g6 4. f4 Bg7 5. Nf3 0-0 6. Bd3 Nc6 7. 0-0 e5 8. fxe5 dxe5 9. d5 Nd4 10. Nxe5 Nxd5 11. Nxd5 Bxe5 12. Bf4 Nc6 13. Qd2 Be6 14. Bxe5 Nxe5 15. Nf6+ Kg7 16. Qc3 Qd6 17. Rad1 Rfd8 18. Be2 Qb6+ 19. Kh1 Rxd1 20. Nh5+ Kg8 21. Rxd1 gxh5 22. Qxe5 Bg4 23. Bf3 Qf2 24. Qg5+ Kf8 25. Qd2 Qxd2 26. Rxd2 Ke7 27. h3 Bxf3 28. gxf3 h4 29. Kh2 Rg8 30. Rd3 Rg6 1/2-1/2

[Event "AUT-ch U18"]
[Site "Marz"]
[Date "2013.03.24"]
[Round "1"]
[White "Gstach, Jakob"]
[Black "Bachner, Karsten"]
[Result "1-0"]
[WhiteElo "2120"]
[BlackElo "1927"]
[PlyCount "49"]
[EventDate "2013.03.24"]
[EventType "swiss"]
[EventRounds "7"]
[EventCountry "AUT"]
[SourceTitle "CBM 153 Extra"]
[Source "ChessBase"]
[SourceDate "2013.04.22"]
[SourceVersion "1"]
[SourceVersionDate "2013.04.22"]
[SourceQuality "1"]

1. Nf3 Nf6 2. g3 d5 3. Bg2 c6 4. 0-0 e6 5. d4 Nbd7 6. c4 Bd6 7. Qc2 Ne4 8. cxd5 exd5 9. Nh4 Nef6 10. Nf5 Bf8 11. Nc3 Nb6 12. Re1 Bxf5 13. Qxf5 g6 14. Qe5+ Be7 15. Bh6 Nc4 16. Qf4 Nh5 17. Qc1 f5 18. e4 dxe4 19. Nxe4 fxe4 20. Qxc4 Qd5 21. Qa4 Qd6 22. Rxe4 Nf6 23. Re2 0-0-0 24. Bh3+ Nd7 25. Qxa7 1-0

[Event "Steyr Landesliga 1213"]
[Site "Austria"]
[Date "2013.02.02"]
[Round "6.7"]
[White "Bachner, Karsten"]
[Black "Kainrath, Florian"]
[Result "1-0"]
[WhiteElo "1927"]
[BlackElo "2156"]
[PlyCount "23"]
[EventDate "2012.09.22"]
[EventType "team-tourn"]
[EventRounds "11"]
[EventCountry "AUT"]
[SourceTitle "EXT 2014"]
[Source "ChessBase"]
[SourceDate "2013.11.20"]
[SourceVersion "1"]
[SourceVersionDate "2013.11.20"]
[SourceQuality "1"]
[WhiteTeam "Liezen Admont"]
[BlackTeam "Graz Schachfreunde"]
[WhiteTeamCountry "AUT"]
[BlackTeamCountry "AUT"]

1. e4 d6 2. d4 Nf6 3. Nc3 c6 4. Be3 e5 5. dxe5 dxe5 6. Qxd8+ Kxd8 7. Bc4 Ke8 8. Nf3 Bd6 9. 0-0-0 Ke7 10. Bxf7 Bb4 11. Nxe5 Bxc3 12. Bc5# 1-0

[Event "Steyr Landesliga 1213"]
[Site "Austria"]
[Date "2012.11.17"]
[Round "4.8"]
[White "Calovi, Luca"]
[Black "Bachner, Karsten"]
[Result "1/2-1/2"]
[WhiteElo "1597"]
[BlackElo "1927"]
[PlyCount "80"]
[EventDate "2012.09.22"]
[EventType "team-tourn"]
[EventRounds "11"]
[EventCountry "AUT"]
[SourceTitle "EXT 2014"]
[Source "ChessBase"]
[SourceDate "2013.11.20"]
[SourceVersion "1"]
[SourceVersionDate "2013.11.20"]
[SourceQuality "1"]
[WhiteTeam "Graz Styria"]
[BlackTeam "Liezen Admont"]
[WhiteTeamCountry "AUT"]
[BlackTeamCountry "AUT"]

1. e4 e6 2. d4 d5 3. exd5 exd5 4. Nf3 Bd6 5. Bd3 Ne7 6. Bg5 f6 7. Bh4 c6 8. Nbd2 Bf5 9. Nf1 Nd7 10. Ne3 Bg6 11. c3 Qc7 12. Bg3 0-0 13. 0-0 Rae8 14. Qc2 Bxd3 15. Qxd3 f5 16. Bxd6 Qxd6 17. Rae1 Qf6 18. Re2 Ng6 19. g3 Re7 20. Rfe1 Rfe8 21. b3 f4 22. Ng4 Qd6 23. Rxe7 Rxe7 24. Rxe7 Qxe7 25. Qf5 Qf7 26. Qxf7+ Kxf7 27. Ng5+ Kg8 28. f3 Ngf8 29. Ne5 Nxe5 30. dxe5 Ng6 31. e6 h6 32. Nf7 Kf8 33. Nd8 Ke7 34. Nxb7 Kxe6 35. Kf2 Ke5 36. Nc5 fxg3+ 37. hxg3 Kd6 38. Nd3 Ne5 39. Ke3 Nxd3 40. Kxd3 Ke5 1/2-1/2

[Event "Steyr Landesliga 1213"]
[Site "Austria"]
[Date "2012.11.03"]
[Round "3.7"]
[White "Korom, Johann"]
[Black "Bachner, Karsten"]
[Result "1/2-1/2"]
[WhiteElo "1912"]
[BlackElo "1927"]
[PlyCount "48"]
[EventDate "2012.09.22"]
[EventType "team-tourn"]
[EventRounds "11"]
[EventCountry "AUT"]
[SourceTitle "EXT 2014"]
[Source "ChessBase"]
[SourceDate "2013.11.20"]
[SourceVersion "1"]
[SourceVersionDate "2013.11.20"]
[SourceQuality "1"]
[WhiteTeam "Graz Post"]
[BlackTeam "Liezen Admont"]
[WhiteTeamCountry "AUT"]
[BlackTeamCountry "AUT"]

1. e4 e6 2. d4 d5 3. Nc3 Nf6 4. e5 Nfd7 5. f4 c5 6. Nf3 Nc6 7. Be3 a6 8. Qd2 b5 9. Qf2 Qb6 10. g3 Bb7 11. Bh3 cxd4 12. Nxd4 Bc5 13. Nce2 g6 14. 0-0 h5 15. c3 a5 16. Nc1 Bxd4 17. cxd4 Ne7 18. Nd3 Nf5 19. Rfc1 Ke7 20. Nc5 Rac8 21. Nxd7 Kxd7 22. Qd2 Nxe3 23. Qxe3 Rc4 24. Bf1 Rxc1 1/2-1/2

[Event "Steyr Landesliga 1213"]
[Site "Austria"]
[Date "2012.10.13"]
[Round "2.8"]
[White "Rauchlahner, Robert Jr"]
[Black "Bachner, Karsten"]
[Result "1/2-1/2"]
[WhiteElo "1739"]
[BlackElo "1927"]
[PlyCount "21"]
[EventDate "2012.09.22"]
[EventType "team-tourn"]
[EventRounds "11"]
[EventCountry "AUT"]
[SourceTitle "EXT 2014"]
[Source "ChessBase"]
[SourceDate "2013.11.20"]
[SourceVersion "1"]
[SourceVersionDate "2013.11.20"]
[SourceQuality "1"]
[WhiteTeam "Leoben"]
[BlackTeam "Liezen Admont"]
[WhiteTeamCountry "AUT"]
[BlackTeamCountry "AUT"]

1. d4 d5 2. c4 e6 3. Nc3 Nf6 4. Bg5 Be7 5. e3 0-0 6. cxd5 exd5 7. Nf3 c6 8. Bd3 Nbd7 9. 0-0 Re8 10. Qc2 Ne4 11. Bxe4 1/2-1/2

[Event "AUT-ch U18"]
[Site "Untersiebenbrunn"]
[Date "2012.04.04"]
[Round "6"]
[White "Bachner, Karsten"]
[Black "Wu, Yu"]
[Result "1/2-1/2"]
[WhiteElo "1887"]
[BlackElo "1979"]
[PlyCount "81"]
[EventDate "2012.04.01"]
[EventType "swiss"]
[EventRounds "7"]
[EventCountry "AUT"]
[SourceTitle "CBM 147 Extra"]
[Source "ChessBase"]
[SourceDate "2012.04.24"]
[SourceVersion "1"]
[SourceVersionDate "2012.04.24"]
[SourceQuality "1"]

1. e4 e5 2. Nf3 Nc6 3. Bb5 a6 4. Ba4 Nf6 5. 0-0 b5 6. Bb3 Bc5 7. c3 d6 8. d4 Bb6 9. a4 Rb8 10. Qd3 Bd7 11. axb5 axb5 12. Bg5 0-0 13. Nbd2 Kh8 14. Rfd1 Qe8 15. Bc2 Nh5 16. dxe5 Nxe5 17. Nxe5 dxe5 18. Nc4 bxc4 19. Qxd7 f6 20. Qxe8 Rfxe8 21. Bc1 Red8 22. Rxd8+ Rxd8 23. g3 g6 24. Ra4 Ng7 25. Rxc4 Ne6 26. Rc6 Nc5 27. Rxf6 Nxe4 28. Bxe4 Rd1+ 29. Kg2 Rxc1 30. Rf8+ Kg7 31. Rd8 Re1 32. Kf3 Kf6 33. h4 Ra1 34. Rd7 Rf1 35. Rd2 Re1 36. Rd7 Rf1 37. Rd2 Re1 38. Bd5 h6 39. Be4 Rc1 40. Ke2 Ra1 41. Kf3 1/2-1/2

[Event "AUT-ch U18"]
[Site "Untersiebenbrunn"]
[Date "2012.04.02"]
[Round "3"]
[White "Ly, Dominik"]
[Black "Bachner, Karsten"]
[Result "0-1"]
[WhiteElo "1843"]
[BlackElo "1887"]
[PlyCount "36"]
[EventDate "2012.04.01"]
[EventType "swiss"]
[EventRounds "7"]
[EventCountry "AUT"]
[SourceTitle "CBM 147 Extra"]
[Source "ChessBase"]
[SourceDate "2012.04.24"]
[SourceVersion "1"]
[SourceVersionDate "2012.04.24"]
[SourceQuality "1"]

1. e4 e6 2. d4 d5 3. Nc3 Nf6 4. Bg5 Bb4 5. e5 h6 6. Be3 Ne4 7. Nge2 c5 8. a3 Ba5 9. Rb1 Nc6 10. g3 cxd4 11. Bxd4 Nxd4 12. Nxd4 Nxc3 13. bxc3 Bxc3+ 14. Ke2 Qc7 15. Kd3 Ba5 16. f4 Qc3+ 17. Ke2 Bb6 18. Rb4 Bc5 0-1

[Event "AUT-ch U18"]
[Site "Untersiebenbrunn"]
[Date "2012.04.01"]
[Round "1"]
[White "Handler, Lukas"]
[Black "Bachner, Karsten"]
[Result "1-0"]
[WhiteElo "2317"]
[BlackElo "1887"]
[PlyCount "41"]
[EventDate "2012.04.01"]
[EventType "swiss"]
[EventRounds "7"]
[EventCountry "AUT"]
[SourceTitle "CBM 147 Extra"]
[Source "ChessBase"]
[SourceDate "2012.04.24"]
[SourceVersion "1"]
[SourceVersionDate "2012.04.24"]
[SourceQuality "1"]

1. d4 d5 2. c4 c6 3. Nf3 Nf6 4. Nc3 e6 5. e3 a6 6. b3 Bb4 7. Bd2 0-0 8. Bd3 Nbd7 9. 0-0 Bd6 10. e4 dxe4 11. Nxe4 Nxe4 12. Bxe4 h6 13. Bc3 Nf6 14. Bc2 b5 15. Qd3 Re8 16. Rfe1 Bb7 17. Rad1 g6 18. Ne5 Bf8 19. Nxf7 Kxf7 20. Qxg6+ Ke7 21. d5 1-0

[Event "Steyr Landesliga 1112"]
[Site "Austria"]
[Date "2011.11.26"]
[Round "6.6"]
[White "Bachner, Karsten"]
[Black "Kainrath, Florian"]
[Result "1-0"]
[WhiteElo "1887"]
[BlackElo "2140"]
[PlyCount "90"]
[EventDate "2011.09.24"]
[EventType "team-tourn"]
[EventRounds "11"]
[EventCountry "AUT"]
[SourceTitle "EXT 2013"]
[Source "ChessBase"]
[SourceDate "2012.11.22"]
[SourceVersion "1"]
[SourceVersionDate "2012.11.22"]
[SourceQuality "1"]
[WhiteTeam "Liezen Admont"]
[BlackTeam "Graz Schachfreunde"]
[WhiteTeamCountry "AUT"]
[BlackTeamCountry "AUT"]

1. e4 c5 2. Nf3 Nc6 3. d4 cxd4 4. Nxd4 Nf6 5. Nc3 e5 6. Ndb5 d6 7. Bg5 a6 8. Na3 Be6 9. Nd5 Bxd5 10. Bxf6 Qa5+ 11. c3 Be6 12. Bg5 d5 13. exd5 Qxd5 14. Qxd5 Bxd5 15. Nc4 f6 16. Nb6 Rd8 17. Nxd5 Rxd5 18. Be3 b5 19. Be2 f5 20. Rd1 Rxd1+ 21. Kxd1 Be7 22. a4 bxa4 23. Bxa6 0-0 24. Bb5 Na5 25. Bxa4 Nb7 26. f3 Nc5 27. Bxc5 Bxc5 28. b4 Bb6 29. Bb3+ Kh8 30. Re1 Re8 31. Kc2 e4 32. fxe4 fxe4 33. c4 Bc7 34. g3 h5 35. c5 Re5 36. Kc3 Rxc5+ 37. bxc5 Ba5+ 38. Kc4 Bxe1 39. Kb5 Bc3 40. c6 Be5 41. Kb6 Kh7 42. Bc2 Kg6 43. Bxe4+ Kg5 44. Bf3 h4 45. c7 Bxc7+ 1-0

[Event "Steyr Landesliga 1112"]
[Site "Austria"]
[Date "2011.09.24"]
[Round "1.6"]
[White "Knappitsch, Thomas"]
[Black "Bachner, Karsten"]
[Result "1/2-1/2"]
[WhiteElo "1785"]
[BlackElo "1887"]
[PlyCount "20"]
[EventDate "2011.09.24"]
[EventType "team-tourn"]
[EventRounds "11"]
[EventCountry "AUT"]
[SourceTitle "EXT 2013"]
[Source "ChessBase"]
[SourceDate "2012.11.22"]
[SourceVersion "1"]
[SourceVersionDate "2012.11.22"]
[SourceQuality "1"]
[WhiteTeam "Frauental"]
[BlackTeam "Liezen Admont"]
[WhiteTeamCountry "AUT"]
[BlackTeamCountry "AUT"]

1. c4 c6 2. d4 d5 3. Nc3 Nf6 4. Nf3 e6 5. e3 a6 6. c5 Nbd7 7. b4 Qc7 8. Bb2 Be7 9. Bd3 0-0 10. 0-0 e5 1/2-1/2

[Event "Ratten op 18th"]
[Site "Ratten"]
[Date "2011.06.03"]
[Round "3"]
[White "Bachner, Karsten"]
[Black "Teuschler, Alois"]
[Result "1/2-1/2"]
[WhiteElo "1878"]
[BlackElo "2019"]
[PlyCount "31"]
[EventDate "2011.06.02"]
[EventType "swiss"]
[EventRounds "5"]
[EventCountry "AUT"]
[SourceTitle "CBM 143 Extra"]
[Source "ChessBase"]
[SourceDate "2011.08.29"]
[SourceVersion "1"]
[SourceVersionDate "2011.08.29"]
[SourceQuality "1"]

1. e4 c5 2. Nf3 Nc6 3. d4 cxd4 4. Nxd4 e5 5. Nb5 d6 6. N1c3 a6 7. Na3 Be7 8. Nc4 Be6 9. Ne3 Nf6 10. Bd3 0-0 11. Ncd5 Rc8 12. 0-0 Nd7 13. c3 Nc5 14. Bc2 Kh8 15. a4 Bxd5 16. Nxd5 1/2-1/2